Success in sight : visioning /
Saved in:
| Format: | Book |
|---|---|
| Language: | English |
| Published: |
London ; Boston :
International Thomson Business Press,
1998.
|
| Subjects: | |
| Tags: |
Add Tag
No Tags, Be the first to tag this record!
|
| Institutions: | Mạng thư viện Đại học Đà Nẵng |
|---|
| LEADER | 00960cam a2200349 i 4500 | ||
|---|---|---|---|
| 001 | 000048318 | ||
| 003 | 8032 | ||
| 005 | 20030225143821.0 | ||
| 008 | 010321|1998 vm 000 eng | ||
| 020 | |a 186152160X | ||
| 040 | |a IRC |c IRC |d IRC | ||
| 041 | 0 | |a eng | |
| 082 | 1 | 4 | |a 658.4012 |b Su-I |
| 245 | 0 | 0 | |a Success in sight : |b visioning / |c Edited by Andrew P. Kakabadse, Frédéric Nortier and Nello-Bernard Abramovici. |
| 260 | |a London ; Boston : |b International Thomson Business Press, |c 1998. | ||
| 300 | |a xvi, 248 p. : |b ill. ; |c 23.5cm. | ||
| 630 | 0 | 4 | |a Business. |
| 630 | 0 | 4 | |a Management. |
| 630 | 0 | 4 | |a Leadership. |
| 630 | 0 | 4 | |a Strategic planning. |
| 650 | 0 | 4 | |a Leadership. |
| 650 | 0 | 4 | |a Strategic planning. |
| OWN | |a DUT | ||
| 999 | |a From the UDN01 | ||
| TYP | |a Monograph | ||
| TYP | |a Printed language | ||
| 980 | |a Mạng thư viện Đại học Đà Nẵng | ||


